000
00286nam a2200121Ia 4500
008
190216s9999||||xx |||||||||||||| ||und||
100
_a
Evoor Parameswaran
245
0
_a
Kamalasulochana
260
_b
Published By The Author
_c
1970
300
_a
74p
650
_a
Kavithkal
942
_c
BK
999
_c
24929
_d
24929